| 000 | 00494nam a2200181 a 4500 | ||
|---|---|---|---|
| 005 | 20140311163022.0 | ||
| 008 | 020819s19uu xx 00 eng d | ||
| 020 | _a978-0-07-110758-7 | ||
| 050 |
_aQ 158.5 _b.T463 2007 |
||
| 100 | _aTillery, Bill | ||
| 245 |
_aIntegrated science / _cBill Tillery. |
||
| 250 | _a3rd ed. | ||
| 260 |
_aU.S.A : _bMcGraw-Hill, Inc, _c2007. |
||
| 300 |
_a748 p. : _bcol. ill. ; _c28 cm. |
||
| 650 | _aPhysical science | ||
| 942 |
_cBK _2lcc _kFOR |
||
| 999 |
_c39482 _d39482 |
||